La tipología de las sociedades mercantiles (Registro nro. 306624)

Detalles MARC
000 -ENCABEZADO
Número de control [NR] 00986 a2200265 4500
005 - FECHA Y HORA DE LA ÚLTIMA TRANSACCIÓN
control field 20170515150244.0
008 - DE LONGITUD FIJA DE DATOS DE ELEMENTOS - INFORMACIÓN GENERAL
Elementos de longitud fija [NR] 170515s2017 ck |||||r|||| 00| 0 spa d
020 ## - NUMERO INTERNACIONAL NORMALIZADO PARA LIBROS [R]
Número Internacional Normalizado del libro [NR] 9789587497236
040 ## - FUENTE DE CATALOGACION [NR]
Agencia de catalogación original [NR] CO-BoUCM
Idioma de catalogación [NR] spa
Quien Cataloga Sandra Palacio
Quien Clasifica Sandra Palacio
041 0# - CODIGO DE IDIOMA [R]
Código de idioma para texto/pista de sonido o título separado [R] Español
245 ## - MENCION DE TITULO [NR]
Título [NR] La tipología de las sociedades mercantiles
260 ## - PUBLICACION, DISTRIBUCION, ETC. (PIE DE IMPRENTA) [R]
Nombre del editor, distribuidor, etc. [R] Editorial Ibañez
Lugar de publicación, distribución, etc. [R] Bogotá
Fecha de publicación, distribución, etc. [R] 2017
300 ## - DESCRIPCION FISICA [R]
Extensión [R] 401 páginas
490 0# - MENCION DE SERIE [R]
Mención de serie [R] Colección Monografías de derecho privado
Designación numérica/secuencial del volumen [NR] 3
650 17 - ASIENTO SECUNDARIO DE MATERIA - TERMINO TEMATICO [R]
9 (RLIN) 12717
Término temático o nombre geográfico como elemento de entrada [NR] Derecho comercial
650 27 - ASIENTO SECUNDARIO DE MATERIA - TERMINO TEMATICO [R]
9 (RLIN) 24740
Término temático o nombre geográfico como elemento de entrada [NR] Sociedades comerciales
Subdivisión general [R] Legislación
650 27 - ASIENTO SECUNDARIO DE MATERIA - TERMINO TEMATICO [R]
9 (RLIN) 9667
Término temático o nombre geográfico como elemento de entrada [NR] Asociaciones
700 1# - ASIENTO SECUNDARIO - NOMBRE PERSONAL [R]
Nombre personal [NR] Embid Irujo, José Miguel
Término de relación [R] director
9 (RLIN) 85849
700 1# - ASIENTO SECUNDARIO - NOMBRE PERSONAL [R]
Nombre personal [NR] Navarro Matamoros, Linda
Término de relación [R] director
9 (RLIN) 85850
700 1# - ASIENTO SECUNDARIO - NOMBRE PERSONAL [R]
Nombre personal [NR] Oviedo Albán, Jorge
Término de relación [R] director
9 (RLIN) 29901
700 1# - ASIENTO SECUNDARIO - NOMBRE PERSONAL [R]
Nombre personal [NR] Reyes Villamizar, Francisco
Término de relación [R] prólogo
9 (RLIN) 85851
710 1# - ASIENTO SECUNDARIO - NOMBRE CORPORATIVO [R]
Nombre corporativo o de jurisdicción como elemento de entrada [NR] Centro de Estudios de Derecho Comparado
9 (RLIN) 85852
942 ## - ELEMENTOS DE ENTRADA AGREGADOS (KOHA)
Tipo de ítem principal el descrito en 300a Libro
Sistema de clasificación DEWEY
Tema principal Derecho
Edición 1
Clasificación 346.07
Parte restante de la signatura top. T595ts
Existencias
Signatura topográfica Código de barras Última vez visto Ejemplar Costo de reposición Price effective from Tipo de ítem Perdido Sistema de clasificación Dañado No prestable Tipo de ítem específico Suprimido Ubicación habitual Ubicación actual Localización Fecha de creación Proveedor Forma de adquisición Costo
346.07 T595ts 100153204 06/06/2024 Ej.1 26000.00 09/05/2017 Libro   DEWEY     Libro   Bodega Bodega 3er piso 09/05/2017 12 Donación 0.00